000 01196cam a22003014a 4500
999 _c48106
_d48106
001 14253180
003 Nust
005 20170109145848.0
008 060203s2006 inu b 001 0 eng
010 _a 2006003803
020 _a9780941532754 (hbk)
035 _a(OCoLC)ocm63660618
040 _aDLC
_cDLC
_dYDX
_dBAKER
_dIXA
_dDLC
042 _apcc
050 0 0 _aBP189
_b.S783 2006
082 0 0 _a297.4
_bNAS
245 0 0 _aSufism :
_blove & wisdom /
_cedited by Jean-Louis Michon & Roger Gaetani ; foreword by Seyyed Hossein Nasr.
260 _aBloomington, Ind. :
_bWorld Wisdom,
_c2006.
300 _axxv, 301 p. ;
_c23 cm.
440 4 _aThe perennial philosophy series
504 _aIncludes bibliographical references and index.
650 0 _aSufism.
700 1 _aMichon, Jean-Louis.
700 1 _aGaetani, Roger,
_d1954-
856 4 1 _3Table of contents only
_uhttp://www.loc.gov/catdir/toc/ecip067/2006003803.html
906 _a7
_bcbc
_corignew
_d1
_eecip
_f20
_gy-gencatlg
942 _2ddc
_cBK